Iskola szentelés

Správa o vysviacke rímskokatolíckej obecnej školy v Humennom v novembri 1912. Škola bola postavená v časti starého cintorína a vysviacka sa konala v deň "všechsvätých". Obrad uskutočnil rímskokatolícky farár Rudolf (Rezső) Kerekes.

Podrobná bibliografia
Médium: Článok
Jazyk:Hungarian
Témy:
Zdroj: 1. Felvidéki Hirlap 1. Roč. 5, č. 42 (03.11.1912) s. 2
LEADER 01038nab#a2200325#ar4500
001 000074085
003 SVKKK
005 20040609xxxxxxx.
008 06 c xo huno
FMT
038 |a SVKKK 
040 |a SVKKK  |b slo  |e AACR2 
041 0 |a hun 
044 |a xo  |c SK 
080 |a 282:372 
242 1 0 |a Vysviacka školy 
245 0 0 |a Iskola szentelés 
500 |a mikrofilm 
520 2 |a Správa o vysviacke rímskokatolíckej obecnej školy v Humennom v novembri 1912. Škola bola postavená v časti starého cintorína a vysviacka sa konala v deň "všechsvätých". Obrad uskutočnil rímskokatolícky farár Rudolf (Rezső) Kerekes. 
650 0 4 |a Kerekes, Rudolf (farár rímskokatolícky) 
650 0 4 |a vysviacka - rímskokatolícka obecná škola, Humenné - november 1912 - správy 
773 0 |t Felvidéki Hirlap  |g Roč. 5, č. 42 (03.11.1912) s. 2 
957 |a Humenné 
958 |a CI 
958 |a DG 
958 |a SK 
974 |a Ba  |d 20040609 
992 |a RBX 
BAS
998 |a RETRO